[Event "DEM U10 2021"]
[Site "Willingen GER"]
[Date "2021.08.25"]
[Round "5"]
[White "Ley, Cornelius"]
[Black "Radeke, Timothy"]
[Result "0-1"]
[Termination "normal"]
[Board "11"]
[WhiteElo "1447"]
[BlackElo "1169"]
[WhiteClock "00:41:44"]
[BlackClock "01:10:53"]
[PlyCount "66"]
[WhiteFideId "34608907"]
[BlackFideId "16289412"]
[EventCountry "GER"]
[EventRounds "11"]
[EventType "swiss"]
[EventDate "2021.08.22"]

1. e4 {[%clk 01:15:57]} {[%emt 00:00:02]} e5 {[%clk 01:15:51]} {[%emt
00:00:09]} 2. Nf3 {[%clk 01:16:23]} {[%emt 00:00:05]} Nc6 {[%clk 01:16:17]}
{[%emt 00:00:05]} 3. Bc4 {[%clk 01:16:45]} {[%emt 00:00:07]} Bc5 {[%clk
01:16:37]} {[%emt 00:00:10]} 4. d3 {[%clk 01:16:49]} {[%emt 00:00:25]} Nf6
{[%clk 01:17:01]} {[%emt 00:00:06]} 5. Nc3 {[%clk 01:17:07]} {[%emt 00:00:12]}
d6 {[%clk 01:17:20]} {[%emt 00:00:12]} 6. h3 {[%clk 01:17:28]} {[%emt
00:00:09]} a6 {[%clk 01:17:41]} {[%emt 00:00:09]} 7. a4 {[%clk 01:17:50]}
{[%emt 00:00:09]} Be6 {[%clk 01:17:38]} {[%emt 00:00:32]} 8. Nd5 {[%clk
01:17:14]} {[%emt 00:01:05]} Na5 {[%clk 01:17:12]} {[%emt 00:00:57]} 9. Ba2
{[%clk 01:11:30]} {[%emt 00:06:15]} c6 {[%clk 01:16:14]} {[%emt 00:01:27]} 10.
Nxf6+ {[%clk 01:08:22]} {[%emt 00:03:38]} Qxf6 {[%clk 01:16:10]} {[%emt
00:00:34]} 11. Bd2 {[%clk 01:06:02]} {[%emt 00:02:50]} Qg6 {[%clk 01:14:45]}
{[%emt 00:01:55]} 12. Bxe6 {[%clk 00:56:13]} {[%emt 00:10:19]} Qxg2 {[%clk
01:15:07]} {[%emt 00:00:08]} 13. Rh2 {[%clk 00:56:28]} {[%emt 00:00:13]} Qg6
{[%clk 01:14:20]} {[%emt 00:01:18]} 14. Bxa5 {[%clk 00:52:03]} {[%emt
00:04:55]} fxe6 {[%clk 01:13:36]} {[%emt 00:01:15]} 15. Qe2 {[%clk 00:50:37]}
{[%emt 00:01:56]} O-O {[%clk 01:12:55]} {[%emt 00:01:11]} 16. Bd2 {[%clk
00:45:23]} {[%emt 00:05:43]} Rxf3 {[%clk 01:12:29]} {[%emt 00:00:57]} 17. O-O-O
{[%clk 00:43:48]} {[%emt 00:02:05]} Raf8 {[%clk 01:12:12]} {[%emt 00:00:48]}
18. Be3 {[%clk 00:41:51]} {[%emt 00:02:26]} Qf6 {[%clk 01:11:37]} {[%emt
00:01:05]} 19. Bxc5 {[%clk 00:41:40]} {[%emt 00:00:41]} Qf4+ {[%clk 01:11:52]}
{[%emt 00:00:15]} 20. Be3 {[%clk 00:41:43]} {[%emt 00:00:26]} Qxh2 {[%clk
01:12:16]} {[%emt 00:00:07]} 21. d4 {[%clk 00:41:03]} {[%emt 00:01:10]} Rxf2
{[%clk 01:07:36]} {[%emt 00:05:10]} 22. Bxf2 {[%clk 00:41:11]} {[%emt
00:00:23]} Rxf2 {[%clk 01:08:00]} {[%emt 00:00:05]} 23. Qd3 {[%clk 00:41:23]}
{[%emt 00:00:16]} exd4 {[%clk 01:08:22]} {[%emt 00:00:11]} 24. Rd2 {[%clk
00:40:17]} {[%emt 00:01:35]} Rxd2 {[%clk 01:08:32]} {[%emt 00:00:20]} 25. Qxd2
{[%clk 00:40:41]} {[%emt 00:00:05]} Qxd2+ {[%clk 01:08:57]} {[%emt 00:00:06]}
26. Kxd2 {[%clk 00:41:05]} {[%emt 00:00:06]} e5 {[%clk 01:09:22]} {[%emt
00:00:05]} 27. Ke2 {[%clk 00:41:06]} {[%emt 00:00:29]} Kf7 {[%clk 01:09:39]}
{[%emt 00:00:13]} 28. Kf3 {[%clk 00:41:28]} {[%emt 00:00:08]} c5 {[%emt
00:00:12]} 29. a5 {[%emt 00:00:14]} Kg6 {[%clk 01:09:33]} {[%emt 00:00:10]} 30.
c4 {[%clk 00:41:06]} {[%emt 00:00:52]} Kh5 {[%clk 01:09:47]} {[%emt 00:00:16]}
31. Kf2 {[%clk 00:40:57]} {[%emt 00:00:39]} Kh4 {[%clk 01:10:05]} {[%emt
00:00:12]} 32. Ke2 {[%clk 00:41:19]} {[%emt 00:00:08]} Kxh3 {[%clk 01:10:30]}
{[%emt 00:00:05]} 33. Kf3 {[%clk 00:41:44]} {[%emt 00:00:04]} g5 {[%clk
01:10:53]} {[%emt 00:00:08]} 0-1

[Event "DEM U10 2021"]
[Site "Willingen GER"]
[Date "2021.08.25"]
[Round "5"]
[White "Rohatgi, Kushagra"]
[Black "Gulamzada, Elmir"]
[Result "1-0"]
[Termination "normal"]
[Board "12"]
[WhiteElo "1473"]
[BlackElo "1342"]
[WhiteClock "00:49:41"]
[BlackClock "00:15:29"]
[PlyCount "78"]
[WhiteFideId "34603212"]
[BlackFideId "34604332"]
[EventCountry "GER"]
[EventRounds "11"]
[EventType "swiss"]
[EventDate "2021.08.22"]

1. e4 {[%clk 01:15:57]} {[%emt 00:00:03]} c5 {[%clk 01:15:41]} {[%emt
00:00:21]} 2. Nf3 {[%clk 01:16:18]} {[%emt 00:00:08]} a6 {[%emt 00:00:45]} 3.
d4 {[%clk 01:16:21]} {[%emt 00:00:26]} cxd4 {[%clk 01:15:27]} {[%emt 00:00:31]}
4. Nxd4 {[%clk 01:16:38]} {[%emt 00:00:13]} Nf6 {[%clk 01:15:28]} {[%emt
00:00:27]} 5. Nc3 {[%clk 01:17:00]} {[%emt 00:00:09]} e5 {[%clk 01:15:30]}
{[%emt 00:00:28]} 6. Nf3 {[%clk 01:17:06]} {[%emt 00:00:23]} Bb4 {[%clk
01:14:19]} {[%emt 00:01:42]} 7. Bd3 {[%clk 01:17:01]} {[%emt 00:00:34]} d6
{[%clk 01:13:26]} {[%emt 00:01:25]} 8. Bg5 {[%clk 01:17:08]} {[%emt 00:00:22]}
O-O {[%clk 01:06:27]} {[%emt 00:07:29]} 9. O-O {[%clk 01:16:29]} {[%emt
00:01:09]} b5 {[%clk 01:04:22]} {[%emt 00:02:36]} 10. Nd5 {[%clk 01:16:07]}
{[%emt 00:00:51]} Bc5 {[%clk 00:53:37]} {[%emt 00:11:03]} 11. Bxf6 {[%clk
01:15:53]} {[%emt 00:00:54]} gxf6 {[%clk 00:51:38]} {[%emt 00:02:31]} 12. Nh4
{[%clk 01:14:21]} {[%emt 00:02:02]} Kh8 {[%clk 00:43:40]} {[%emt 00:08:27]} 13.
Qf3 {[%clk 01:12:50]} {[%emt 00:02:02]} Nd7 {[%clk 00:34:54]} {[%emt 00:09:17]}
14. Nf5 {[%clk 01:12:20]} {[%emt 00:00:58]} Nb6 {[%clk 00:28:49]} {[%emt
00:06:36]} 15. Nde7 {[%clk 01:09:40]} {[%emt 00:03:09]} Bxf5 {[%clk 00:27:24]}
{[%emt 00:01:56]} 16. Nxf5 {[%clk 01:09:01]} {[%emt 00:01:08]} Rg8 {[%clk
00:25:07]} {[%emt 00:02:48]} 17. c3 {[%clk 01:07:03]} {[%emt 00:02:28]} Nc8
{[%emt 00:05:12]} 18. Qh5 {[%clk 01:04:54]} {[%emt 00:02:36]} Qf8 {[%clk
00:14:30]} {[%emt 00:06:22]} 19. b4 {[%clk 01:02:04]} {[%emt 00:03:26]} Bb6
{[%clk 00:14:04]} {[%emt 00:00:55]} 20. c4 {[%clk 01:00:15]} {[%emt 00:02:19]}
Rg5 {[%clk 00:09:05]} {[%emt 00:05:28]} 21. Qh4 {[%clk 00:59:44]} {[%emt
00:01:01]} bxc4 {[%clk 00:05:22]} {[%emt 00:04:14]} 22. Bxc4 {[%clk 00:59:10]}
{[%emt 00:01:03]} Ne7 {[%clk 00:03:49]} {[%emt 00:02:05]} 23. Nxd6 {[%clk
00:58:00]} {[%emt 00:01:38]} Ng6 {[%clk 00:03:18]} {[%emt 00:01:03]} 24. Nxf7+
{[%clk 00:57:42]} {[%emt 00:00:46]} Qxf7 {[%clk 00:02:35]} {[%emt 00:01:15]}
25. Qxg5 {[%clk 00:57:35]} {[%emt 00:00:36]} Qxc4 {[%clk 00:02:45]} {[%emt
00:00:21]} 26. Qxf6+ {[%clk 00:57:37]} {[%emt 00:00:26]} Kg8 {[%clk 00:03:04]}
{[%emt 00:00:12]} 27. Qxb6 {[%clk 00:57:34]} {[%emt 00:00:32]} Qxe4 {[%clk
00:02:34]} {[%emt 00:01:01]} 28. Rfe1 {[%clk 00:57:17]} {[%emt 00:00:59]} Qf4
{[%clk 00:02:51]} {[%emt 00:00:03]} 29. Qb7 {[%clk 00:55:57]} {[%emt 00:01:49]}
Rf8 {[%clk 00:02:26]} {[%emt 00:00:54]} 30. Qd5+ {[%clk 00:55:03]} {[%emt
00:01:25]} Kh8 {[%clk 00:00:39]} {[%emt 00:02:18]} 31. Qc5 {[%clk 00:55:01]}
{[%emt 00:00:30]} Rg8 {[%clk 00:00:40]} {[%emt 00:00:30]} 32. g3 {[%clk
00:54:28]} {[%emt 00:01:03]} Nh4 {[%clk 00:00:44]} {[%emt 00:00:27]} 33. Kf1
{[%clk 00:53:34]} {[%emt 00:01:22]} Qf3 {[%clk 00:00:32]} {[%emt 00:00:44]} 34.
Qxe5+ {[%clk 00:53:11]} {[%emt 00:00:51]} Rg7 {[%clk 00:00:34]} {[%emt
00:00:28]} 35. gxh4 {[%clk 00:52:04]} {[%emt 00:01:37]} Qd3+ {[%clk 00:00:41]}
{[%emt 00:00:24]} 36. Re2 {[%clk 00:51:12]} {[%emt 00:01:20]} Qf3 {[%clk
00:00:53]} {[%emt 00:00:20]} 37. Ke1 {[%clk 00:49:25]} {[%emt 00:02:17]} Qh1+
{[%clk 00:00:33]} {[%emt 00:00:50]} 38. Kd2 {[%clk 00:49:32]} {[%emt 00:00:22]}
Qc6 {[%clk 00:00:31]} {[%emt 00:00:33]} 39. Qe8+ {[%clk 00:49:41]} {[%emt
00:00:20]} Qxe8 {[%clk 00:15:29]} {[%emt 00:00:32]} 1-0

[Event "DEM U10 2021"]
[Site "Willingen GER"]
[Date "2021.08.25"]
[Round "5"]
[White "Vranckx, Oscar"]
[Black "Junge, Mattheo Gabriel"]
[Result "1-0"]
[Termination "normal"]
[Board "13"]
[WhiteElo "1300"]
[BlackElo "1451"]
[WhiteClock "00:53:19"]
[BlackClock "00:41:53"]
[PlyCount "71"]
[WhiteFideId "34608788"]
[BlackFideId "34605908"]
[EventCountry "GER"]
[EventRounds "11"]
[EventType "swiss"]
[EventDate "2021.08.22"]

1. e4 {[%clk 01:15:56]} {[%emt 00:00:03]} e5 {[%clk 01:15:58]} {[%emt
00:00:03]} 2. Nf3 {[%clk 01:16:19]} {[%emt 00:00:06]} Nc6 {[%clk 01:16:24]}
{[%emt 00:00:04]} 3. d4 {[%clk 01:16:42]} {[%emt 00:00:07]} exd4 {[%clk
01:16:49]} {[%emt 00:00:06]} 4. Nxd4 {[%clk 01:17:00]} {[%emt 00:00:10]} Bc5
{[%clk 01:17:05]} {[%emt 00:00:16]} 5. Be3 {[%clk 01:17:22]} {[%emt 00:00:08]}
Qf6 {[%clk 01:17:15]} {[%emt 00:00:20]} 6. c3 {[%clk 01:17:42]} {[%emt
00:00:10]} Nge7 {[%clk 01:16:49]} {[%emt 00:00:56]} 7. g3 {[%clk 01:17:57]}
{[%emt 00:00:15]} b6 {[%clk 01:15:45]} {[%emt 00:01:34]} 8. Bg2 {[%clk
01:17:46]} {[%emt 00:00:41]} Bb7 {[%clk 01:15:50]} {[%emt 00:00:24]} 9. O-O
{[%clk 01:17:53]} {[%emt 00:00:24]} O-O-O {[%clk 01:15:24]} {[%emt 00:00:55]}
10. f4 {[%clk 01:16:56]} {[%emt 00:01:27]} h5 {[%clk 01:02:29]} {[%emt
00:13:25]} 11. h3 {[%clk 01:15:32]} {[%emt 00:01:54]} Qg6 {[%clk 00:59:51]}
{[%emt 00:03:08]} 12. Kh2 {[%clk 01:14:17]} {[%emt 00:01:40]} Bxd4 {[%clk
00:51:59]} {[%emt 00:08:27]} 13. cxd4 {[%clk 01:10:36]} {[%emt 00:04:11]} d5
{[%clk 00:51:54]} {[%emt 00:00:35]} 14. e5 {[%clk 01:01:04]} {[%emt 00:10:14]}
Nf5 {[%clk 00:51:47]} {[%emt 00:00:26]} 15. Bf2 {[%clk 01:00:11]} {[%emt
00:01:22]} Nce7 {[%clk 00:41:13]} {[%emt 00:11:05]} 16. Na3 {[%clk 00:57:51]}
{[%emt 00:02:50]} Nh6 {[%clk 00:38:38]} {[%emt 00:03:05]} 17. Rc1 {[%clk
00:56:17]} {[%emt 00:02:04]} f5 {[%clk 00:38:21]} {[%emt 00:00:46]} 18. Nb5
{[%clk 00:54:49]} {[%emt 00:01:59]} Nc6 {[%clk 00:37:59]} {[%emt 00:00:52]} 19.
Qc2 {[%clk 00:54:56]} {[%emt 00:00:23]} a6 {[%clk 00:38:01]} {[%emt 00:00:29]}
20. Na7+ {[%clk 00:54:55]} {[%emt 00:00:31]} Kd7 {[%clk 00:38:24]} {[%emt
00:00:07]} 21. Bxd5 {[%clk 00:54:48]} {[%emt 00:00:36]} Nxa7 {[%clk 00:37:36]}
{[%emt 00:01:17]} 22. Qxc7+ {[%clk 00:54:38]} {[%emt 00:00:40]} Ke8 {[%clk
00:37:58]} {[%emt 00:00:09]} 23. Bxb7 {[%clk 00:53:14]} {[%emt 00:01:53]} Nb5
{[%clk 00:37:05]} 24. Bc6+ {[%clk 00:53:28]} {[%emt 00:01:40]} Kf8 {[%clk
00:36:48]} 25. Qxd8+ {[%clk 00:53:43]} {[%emt 00:01:01]} Kf7 {[%clk 00:37:14]}
26. Bd5+ {[%clk 00:53:46]} {[%emt 00:00:32]} Qe6 {[%clk 00:37:28]} 27. Qd7+
{[%clk 00:53:48]} {[%emt 00:00:42]} Kg6 {[%clk 00:37:41]} 28. Qxe6+ {[%clk
00:53:48]} Kh7 {[%clk 00:37:41]} 29. Rc6 {[%clk 00:53:48]} Rd8 {[%clk
00:37:41]} 30. Rc8 {[%clk 00:53:48]} Rxc8 {[%clk 00:37:41]} 31. Qxc8 {[%clk
00:53:48]} Ng4+ {[%clk 00:40:42]} {[%emt 00:04:34]} 32. hxg4 {[%clk 00:53:00]}
{[%emt 00:00:53]} hxg4 {[%clk 00:41:04]} {[%emt 00:00:08]} 33. Qxf5+ {[%clk
00:52:42]} {[%emt 00:00:48]} g6 {[%clk 00:41:10]} {[%emt 00:00:24]} 34. Qf7+
{[%clk 00:52:41]} {[%emt 00:00:31]} Kh6 {[%clk 00:41:33]} {[%emt 00:00:07]} 35.
Kg2 {[%clk 00:52:56]} {[%emt 00:00:16]} g5 {[%clk 00:41:53]} {[%emt 00:00:09]}
36. Rh1# {[%clk 00:53:19]} {[%emt 00:00:07]} 1-0

[Event "DEM U10 2021"]
[Site "Willingen GER"]
[Date "2021.08.25"]
[Round "5"]
[White "Wang, Kaiwen"]
[Black "Teng, David"]
[Result "0-1"]
[Termination "normal"]
[Board "14"]
[WhiteElo "1068"]
[BlackElo "1380"]
[WhiteClock "01:00:12"]
[BlackClock "00:56:33"]
[PlyCount "62"]
[WhiteFideId "16279514"]
[BlackFideId "34604570"]
[EventCountry "GER"]
[EventRounds "11"]
[EventType "swiss"]
[EventDate "2021.08.22"]

1. e4 {[%clk 01:15:59]} c5 {[%clk 01:15:56]} {[%emt 00:00:05]} 2. Nf3 {[%clk
01:16:26]} {[%emt 00:00:03]} e6 {[%clk 01:16:20]} {[%emt 00:00:06]} 3. d4
{[%clk 01:16:52]} {[%emt 00:00:04]} cxd4 {[%clk 01:16:41]} {[%emt 00:00:08]} 4.
Nxd4 {[%clk 01:17:18]} {[%emt 00:00:04]} a6 {[%clk 01:17:05]} {[%emt 00:00:06]}
5. Nc3 {[%clk 01:17:37]} {[%emt 00:00:12]} Qc7 {[%clk 01:17:05]} {[%emt
00:00:25]} 6. Bd3 {[%clk 01:17:42]} {[%emt 00:00:29]} Nf6 {[%clk 01:17:24]}
{[%emt 00:00:08]} 7. Qe2 {[%clk 01:16:22]} {[%emt 00:01:53]} Be7 {[%clk
01:16:16]} {[%emt 00:01:37]} 8. O-O {[%clk 01:15:51]} {[%emt 00:01:02]} O-O
{[%clk 01:16:20]} {[%emt 00:00:26]} 9. Kh1 {[%clk 01:14:39]} {[%emt 00:01:43]}
b5 {[%clk 01:15:19]} {[%emt 00:01:31]} 10. f4 {[%clk 01:12:12]} {[%emt
00:02:57]} Bb7 {[%clk 01:13:49]} {[%emt 00:01:59]} 11. e5 {[%clk 01:09:46]}
{[%emt 00:02:57]} Nd5 {[%clk 01:14:08]} {[%emt 00:00:11]} 12. Bxh7+ {[%clk
01:05:26]} {[%emt 00:04:49]} Kxh7 {[%clk 01:12:29]} {[%emt 00:02:10]} 13. Qh5+
{[%clk 01:05:50]} {[%emt 00:00:05]} Kg8 {[%clk 01:12:50]} {[%emt 00:00:09]} 14.
Rf3 {[%clk 01:05:23]} {[%emt 00:00:57]} Nf6 {[%clk 01:10:22]} {[%emt 00:02:59]}
15. exf6 {[%clk 01:05:27]} {[%emt 00:00:25]} Bxf3 {[%clk 01:10:33]} {[%emt
00:00:18]} 16. Qxf3 {[%clk 01:05:39]} {[%emt 00:00:19]} Bxf6 {[%clk 01:08:09]}
{[%emt 00:02:54]} 17. Qxa8 {[%clk 01:04:18]} {[%emt 00:01:51]} Bxd4 {[%clk
01:07:39]} {[%emt 00:01:01]} 18. Qf3 {[%clk 01:03:49]} {[%emt 00:00:58]} Bxc3
{[%clk 01:03:24]} {[%emt 00:04:45]} 19. bxc3 {[%clk 01:04:10]} {[%emt
00:00:10]} Rc8 {[%clk 01:03:40]} {[%emt 00:00:13]} 20. Bb2 {[%clk 01:04:21]}
{[%emt 00:00:20]} d5 {[%clk 01:03:16]} {[%emt 00:00:54]} 21. Qg3 {[%clk
01:02:49]} {[%emt 00:02:00]} Qc4 {[%clk 00:57:44]} {[%emt 00:06:03]} 22. Kg1
{[%clk 01:01:39]} {[%emt 00:01:39]} Nd7 {[%clk 00:57:06]} {[%emt 00:01:09]} 23.
Qg4 {[%clk 00:58:40]} {[%emt 00:03:28]} Nf6 {[%clk 00:56:38]} {[%emt 00:00:59]}
24. Qg3 {[%clk 00:58:11]} {[%emt 00:00:58]} Ne4 {[%clk 00:55:09]} {[%emt
00:02:00]} 25. Qg4 {[%clk 00:58:06]} {[%emt 00:00:34]} Qc5+ {[%clk 00:54:28]}
{[%emt 00:01:13]} 26. Kh1 {[%clk 00:58:13]} {[%emt 00:00:22]} Nf2+ {[%clk
00:54:49]} {[%emt 00:00:10]} 27. Kg1 {[%clk 00:58:37]} {[%emt 00:00:05]} Nxg4+
{[%clk 00:55:12]} {[%emt 00:00:08]} 28. Kh1 {[%clk 00:59:01]} {[%emt 00:00:05]}
Nf2+ {[%clk 00:55:32]} {[%emt 00:00:10]} 29. Kg1 {[%clk 00:59:24]} {[%emt
00:00:07]} Nh3+ {[%clk 00:55:53]} {[%emt 00:00:09]} 30. Kh1 {[%emt 00:00:13]}
Qg1+ {[%clk 00:56:12]} {[%emt 00:00:09]} 31. Rxg1 {[%clk 01:00:12]} {[%emt
00:00:02]} Nf2# {[%clk 00:56:33]} {[%emt 00:00:09]} 0-1

[Event "DEM U10 2021"]
[Site "Willingen GER"]
[Date "2021.08.25"]
[Round "5"]
[White "Sajka, Noah"]
[Black "Sheng, Ming"]
[Result "1-0"]
[Termination "normal"]
[Board "15"]
[WhiteElo "1402"]
[BlackElo "1266"]
[WhiteClock "00:38:20"]
[BlackClock "00:36:38"]
[PlyCount "88"]
[WhiteFideId "34608192"]
[BlackFideId "34605258"]
[EventCountry "GER"]
[EventRounds "11"]
[EventType "swiss"]
[EventDate "2021.08.22"]

1. e4 {[%clk 01:15:57]} {[%emt 00:00:03]} e5 {[%clk 01:15:49]} {[%emt
00:00:10]} 2. Nf3 {[%clk 01:16:17]} {[%emt 00:00:11]} Nc6 {[%clk 01:16:01]}
{[%emt 00:00:17]} 3. Bb5 {[%clk 01:16:21]} {[%emt 00:00:26]} Nge7 {[%clk
01:15:56]} {[%emt 00:00:35]} 4. O-O {[%clk 01:15:57]} {[%emt 00:00:54]} g6
{[%clk 01:15:47]} {[%emt 00:00:38]} 5. Re1 {[%clk 01:15:11]} {[%emt 00:01:18]}
Bg7 {[%clk 01:15:36]} {[%emt 00:00:40]} 6. h3 {[%clk 01:07:11]} {[%emt
00:08:31]} O-O {[%clk 01:14:06]} {[%emt 00:01:50]} 7. Bf1 {[%clk 01:05:34]}
{[%emt 00:02:16]} d6 {[%clk 01:10:49]} {[%emt 00:03:45]} 8. c3 {[%clk
01:03:59]} {[%emt 00:02:08]} b6 {[%clk 01:07:48]} {[%emt 00:03:29]} 9. d4
{[%clk 01:03:21]} {[%emt 00:01:10]} Bb7 {[%clk 01:07:56]} {[%emt 00:00:20]} 10.
d5 {[%clk 01:02:39]} {[%emt 00:01:14]} Nb8 {[%clk 01:07:34]} {[%emt 00:00:46]}
11. Bg5 {[%clk 01:01:11]} {[%emt 00:02:04]} f5 {[%clk 01:05:47]} {[%emt
00:02:13]} 12. Nbd2 {[%clk 00:54:37]} {[%emt 00:07:08]} f4 {[%clk 01:04:42]}
{[%emt 00:01:31]} 13. Nh2 {[%clk 00:53:50]} {[%emt 00:01:21]} h6 {[%clk
01:04:23]} {[%emt 00:01:09]} 14. Bxe7 {[%clk 00:53:42]} {[%emt 00:00:22]} Qxe7
{[%clk 01:04:17]} {[%emt 00:00:30]} 15. f3 {[%clk 00:52:47]} {[%emt 00:01:26]}
Nd7 {[%clk 01:03:24]} {[%emt 00:01:21]} 16. Ng4 {[%clk 00:52:23]} {[%emt
00:00:57]} h5 {[%clk 01:02:31]} {[%emt 00:01:22]} 17. Nf2 {[%clk 00:52:09]}
{[%emt 00:00:44]} Nf6 {[%clk 01:02:21]} {[%emt 00:00:37]} 18. b4 {[%clk
00:51:05]} {[%emt 00:01:38]} Bc8 {[%clk 00:58:38]} {[%emt 00:04:12]} 19. Bc4
{[%clk 00:49:59]} {[%emt 00:01:36]} Kh8 {[%clk 00:56:59]} {[%emt 00:02:07]} 20.
a4 {[%clk 00:46:33]} {[%emt 00:03:59]} a6 {[%clk 00:56:43]} {[%emt 00:00:44]}
21. a5 {[%clk 00:46:02]} {[%emt 00:01:04]} b5 {[%clk 00:56:59]} {[%emt
00:00:10]} 22. Bb3 {[%clk 00:46:24]} {[%emt 00:00:11]} Kh7 {[%clk 00:56:57]}
{[%emt 00:00:30]} 23. c4 {[%clk 00:46:26]} {[%emt 00:00:30]} bxc4 {[%clk
00:56:11]} {[%emt 00:01:15]} 24. Bxc4 {[%clk 00:46:01]} {[%emt 00:00:56]} Bh6
{[%clk 00:55:54]} {[%emt 00:00:45]} 25. b5 {[%clk 00:45:21]} {[%emt 00:01:12]}
g5 {[%clk 00:52:49]} {[%emt 00:03:33]} 26. b6 {[%clk 00:44:11]} {[%emt
00:01:42]} cxb6 {[%clk 00:52:41]} {[%emt 00:00:37]} 27. axb6 {[%clk 00:44:30]}
{[%emt 00:00:12]} Rg8 {[%clk 00:51:52]} {[%emt 00:01:18]} 28. Kf1 {[%clk
00:44:33]} {[%emt 00:00:28]} g4 {[%clk 00:50:59]} {[%emt 00:01:16]} 29. hxg4
{[%clk 00:44:40]} {[%emt 00:00:30]} hxg4 {[%clk 00:51:15]} {[%emt 00:00:13]}
30. Rb1 {[%clk 00:44:40]} {[%emt 00:00:31]} gxf3 {[%clk 00:50:56]} {[%emt
00:00:48]} 31. gxf3 {[%clk 00:44:47]} {[%emt 00:00:24]} Nh5 {[%clk 00:50:39]}
{[%emt 00:00:45]} 32. Ke2 {[%clk 00:44:46]} {[%emt 00:00:32]} Ng3+ {[%clk
00:49:37]} {[%emt 00:01:31]} 33. Kd3 {[%clk 00:44:42]} {[%emt 00:00:34]} Bb7
{[%clk 00:48:59]} {[%emt 00:01:00]} 34. Ng4 {[%clk 00:43:38]} {[%emt 00:01:44]}
Rac8 {[%clk 00:47:44]} {[%emt 00:01:44]} 35. Qa4 {[%clk 00:43:14]} {[%emt
00:00:54]} Ra8 {[%clk 00:45:31]} {[%emt 00:02:43]} 36. Rec1 {[%clk 00:42:52]}
{[%emt 00:00:52]} Rgc8 {[%clk 00:43:35]} {[%emt 00:02:25]} 37. Bb3 {[%clk
00:42:45]} {[%emt 00:00:38]} Qd8 {[%clk 00:40:58]} {[%emt 00:02:54]} 38. Ba2
{[%clk 00:42:33]} {[%emt 00:00:56]} Rxc1 {[%clk 00:40:57]} {[%emt 00:00:30]}
39. Rxc1 {[%clk 00:42:40]} {[%emt 00:00:24]} Qxb6 {[%clk 00:40:13]} {[%emt
00:01:13]} 40. Qd7+ {[%clk 00:40:13]} {[%emt 00:02:58]} Bg7 {[%clk 00:39:35]}
{[%emt 00:01:08]} 41. Rc7 {[%clk 00:38:58]} {[%emt 00:01:45]} Qd4+ {[%clk
00:39:18]} {[%emt 00:00:45]} 42. Kc2 {[%clk 00:39:14]} {[%emt 00:00:15]} Rg8
{[%clk 00:38:11]} {[%emt 00:01:36]} 43. Nf6+ {[%clk 00:39:20]} {[%emt
00:00:26]} Kg6 {[%clk 00:37:41]} {[%emt 00:00:59]} 44. Nxg8 {[%clk 00:38:20]}
{[%emt 00:01:30]} Qa4+ {[%clk 00:36:38]} {[%emt 00:01:34]} 1-0